000 00190nam a2200109Ia 4500
100 _a#N/A
942 _cBK
245 _aStolen Fish - 1
260 _b#N/A
546 _aENGLISH
999 _c23757
_d23757